Cyclisme: coureurs au départ du Tour de France 2023 - Statistiques

Statistiques générales
  • Ce quiz a été pris 3 076 fois
  • Le résultat moyen est 53 sur 176
Statistiques - réponses
Dos UAE Team Emirates % Correct
1 Jonas Vingegaard
96%
11 Tadej Pogacar
93%
6 Wout Van Aert
91%
141 Romain Bardet
84%
19 Adam Yates
82%
31 David Gaudu
82%
37 Thibaut Pinot
82%
4 Sepp Kuss
81%
161 Simon Yates
81%
101 Mathieu Van der Poel
76%
51 Julian Alaphilippe
75%
106 Jasper Philipsen
73%
5 Christophe Laporte
71%
171 Warren Barguil
66%
35 Valentin Madouas
65%
21 Egan Bernal
63%
121 Guillaume Martin
63%
86 Mads Pedersen
62%
71 Jai Hindley
61%
211 Peter Sagan
60%
91 Ben O'Connor
59%
26 Tom Pidcock
59%
27 Carlos Rodriguez
57%
95 Felix Gall
57%
131 Enric Mas
56%
81 Giulio Ciccone
54%
191 Mark Cavendish
54%
16 Rafał Majka
54%
56 Fabio Jakobsen
53%
41 Richard Carapaz
53%
181 Caleb Ewan
52%
125 Victor Lafay
52%
2 Tiesj Benoot
51%
151 Michael Woods
49%
33 Stefan Kung
49%
111 Biniam Girmay
48%
46 Neilson Powless
48%
62 Mikel Landa
47%
65 Pello Bilbao
47%
7 Dylan Van Baarle
45%
38 Lars Van den Berg
45%
17 Marc Soler
44%
67 Matej Mohorič
44%
3 Wilco Kelderman
44%
216 Pierre Latour
41%
48 Rigoberto Uran
41%
195 Alexey Lutsenko
40%
52 Kasper Asgreen
39%
8 Nathan Van Hooydonck
39%
122 Bryan Coquard
38%
45 Magnus Cort Nielsen
37%
93 Benoît Cosnefroy
36%
97 Aurélien Paret-Peintre
35%
134 Gorka Izagirre
35%
124 Ion Izagirre
35%
201 Alexander Kristoff
34%
72 Emanuel Buchmann
34%
213 Mathieu Burgaudeau
34%
12 Mikkel Bjerg
34%
25 Daniel Felipe Martínez
33%
135 Matteo Jorgenson
33%
24 Michal Kwiatkowski
33%
68 Wout Poels
33%
115 Adrien Petit
31%
76 Jordi Meeus
31%
83 Mattias Skjelmose Jensen
31%
58 Michael Mørkøv
31%
114 Louis Meintjes
30%
77 Nils Politt
30%
36 Quentin Pacher
30%
53 Remi Cavagna
30%
218 Anthony Turgis
29%
154 Hugo Houle
29%
32 Kevin Geniets
29%
164 Dylan Groenewegen
28%
22 Jonathan Castroviejo
28%
204 Tobias Halland Johannessen
28%
57 Yves Lampaert
28%
18 Matteo Trentin
27%
74 Bob Jungels
26%
14 Felix Grossschartner
26%
112 Lilian Calmejane
26%
34 Olivier Le Gac
26%
82 Tony Gallopin
26%
182 Victor Campenaerts
26%
98 Nans Peters
24%
78 Danny van Poppel
23%
173 Clément Champoussin
21%
217 Daniel Oss
21%
88 Jasper Stuyven
21%
75 Patrick Konrad
21%
15 Vegard Stake Laengen
21%
128 Axel Zingle
20%
158 Dylan Teuns
20%
142 John Degenkolb
20%
187 Maxim Van Gils
20%
64 Phil Bauhaus
20%
43 Alberto Bettiol
19%
126 Anthony Perez
19%
192 Cees Bol
19%
85 Juan Pedro Lopez
19%
155 Krists Neilands
19%
96 Oliver Naesen
19%
54 Tim Declercq
19%
146 Chris Hamilton
18%
92 Clément Berthet
18%
55 Dries Devenyns
18%
44 Esteban Chaves
18%
66 Jack Haig
18%
202 Jonas Abrahamsen
18%
87 Quinn Simmons
18%
214 Steff Cras
18%
165 Chris Harper
17%
123 Simon Geschke
17%
105 Søren Kragh Andersen
17%
28 Ben Turner
16%
118 Georg Zimmermann
16%
178 Laurent Pichon
16%
73 Marco Haller
16%
23 Omar Fraile
16%
113 Rui Costa
16%
69 Fred Wright
15%
197 Luis León Sanchez
15%
148 Sam Welsford
15%
127 Alexis Renard
14%
212 Edvald Boasson Hagen
14%
177 Luca Mozzato
14%
102 Silvan Dillier
14%
42 Andrey Amador
13%
176 Matis Louvel
13%
194 Yevgeniy Fedorov
13%
174 Anthony Delaplace
12%
188 Florian Vermeersch
12%
196 Gianni Moscon
12%
47 James Shaw
12%
137 Nelson Oliveira
12%
104 Quinten Hermans
12%
153 Simon Clarke
12%
215 Valentin Ferron
12%
84 Alex Kirsch
11%
185 Frederik Frison
11%
152 Guillaume Boivin
11%
183 Jasper De Buyst
11%
208 Jonas Gregaard
11%
107 Jonas Rickaert
11%
167 Luka Mezgec
11%
117 Mike Teunissen
11%
133 Alex Aranburu
10%
166 Christopher Juul-Jensen
10%
157 Corbin Strong
10%
193 David De La Cruz
10%
198 Harold Tejada
10%
103 Michael Gogl
10%
63 Nikias Arndt
10%
205 Rasmus Tiller
10%
132 Ruben Guerreiro
10%
175 Simon Guglielmi
10%
94 Stan Dewulf
10%
206 Torstein Træen
10%
136 Gregor Muhlberger
9%
184 Pascal Eenkhoorn
9%
108 Ramon Sinkeldam
9%
207 Søren Wærenskjold
9%
138 Antonio Pedrero
8%
147 Kevin Vermaerke
8%
162 Lawson Craddock
8%
163 Luke Durbridge
8%
156 Nick Schultz
8%
145 Nils Eekhoff
8%
203 Anthon Charmig
7%
186 Jacopo Guarnieri
7%
143 Matthew Dinham
7%
172 Jenthe Biermans
6%
144 Alex Edmondson
5%
116 Dion Smith
5%
168 Elmar Reinders
5%
Aucun quiz correspondant
Distribution des résultats
% des personnes avec chaque résultat
Percentile par nombre de réponses
Votre historique - résultats
Vous n’avez pas pris ce quiz